Score 0/30 Timer 05:00
3 Plays Today
% Correct
Abraham
94.8%
Anne
94.3%
Albert
93.9%
Amelia
92.4%
Agatha
92.3%
Andrew
89.3%
Arnold
85%
Arthur
83.5%
Angela
80.1%
Anwar
77.5%
Amerigo
76%
Anastasia
73.6%
Alfred
72.9%
Adam
72.4%
Aristotle
71.3%
% Correct
Aldous
70.2%
Alexander
68.6%
Anton
68.4%
Alexandre
68%
Antonio
62.7%
Auguste
61.7%
Anjezë
60.4%
Alessandro
50%
Anatoly
49.6%
Anders
44.9%
Ayrton
44.9%
Adolf
41.5%
Alexis
40.6%
Abdullah
35.9%
Ali
21.2%
Remove Ads.
Support Sporcle.
Get the best of Sporcle when you Go Orange. This ad-free experience offers more features, more stats, and more fun while also helping to support Sporcle. Thank you for becoming a member.

You're not logged in!

Compare scores with friends on all Sporcle quizzes.
OR
Log In

Show Comments

Extras

Top Quizzes Today


Score Distribution

Your Account Isn't Verified!

In order to create a playlist on Sporcle, you need to verify the email address you used during registration. Go to your Sporcle Settings to finish the process.

Report this User

Report this user for behavior that violates our Community Guidelines.

Details: